|
|
|
|
| LEADER |
00784nam a2200217 a 4500 |
| 001 |
c000009159 |
| 003 |
CARM |
| 005 |
00000000000000.0 |
| 008 |
900502s1949 enk 00010 eng d |
| 019 |
1 |
|
|a 24471560
|z 12474934
|z 4698532
|5 LACONCORD2021
|
| 035 |
|
|
|a (OCoLC)7014072
|5 LACONCORD2021
|
| 040 |
|
|
|a VU
|c VU
|
| 100 |
1 |
|
|a James, Eric John Francis.
|
| 245 |
1 |
3 |
|a An essay on the content of education / Eric John Francis James.
|
| 260 |
|
|
|a London :
|b Harrap,
|c [1949]
|
| 300 |
|
|
|a 125 p.
|
| 650 |
|
0 |
|a Education
|x Curricula.
|
| 852 |
8 |
|
|b CARM
|h A2:AG24H0
|i A02673
|p 0182166
|f BK
|
| 082 |
0 |
4 |
|a 370.1
|2 20
|
| 999 |
f |
f |
|i bcbd1c16-4558-59aa-b9f2-eea3a9c3a696
|s 65d7ae22-8fb7-55b6-a028-73927f09187a
|
| 952 |
f |
f |
|p Can circulate
|a CAVAL
|b CAVAL
|c CAVAL
|d CARM 1 Store
|e A02673
|f A2:AG24H0
|h Other scheme
|i book
|m 0182166
|